000
00210 a2200097 4500
001
10228
100
_a
Tahir, D M
245
_a
Pak Practical Chemistry
260
_a
_b
Ilmi Kitab Khana
_c
090
_c
7921
_d
7921
942
_a
NUST-CAE
_c
M
_c
34624
999
_c
245301
_d
245301